000 01350cam a2200289 4500
001 WB4021-09
008 040601n2004 000 0 eng u
035 _a(Sirsi) u126355
245 _aNew member states benefit from clean-up
260 _c2004
490 _aRICS Brussels Briefing
_v 31 May 2004 (1)
520 _aSix cities in Estonia, Hungary, Poland and Slovenia are among 17 projects selected for the European Union's 50m euro CIVITAS programme for the promotion of clean urban transport. The cities will be part of a programme in combating congestion and pollution through new technologies, new planning measures, improved energy efficiency and the use of alternative fuels. The CIVITAS Initiative is in line with EU strategy to substitute 20% of the diesel and petrol fuels used in the road transport sector by 2020. More information on the CIVITAS Initiative is available on the CIVITAS website http://www.civitas-initiative.org/civitas/home.cfm .
590 _aWB
590 _aWB
650 _aURBAN TRANSPORT
650 _aCONGESTION
650 _aESTONIA
650 _aHUNGARY
650 _aROMANIA
650 _aEUROPEAN UNION
650 _aTRAFFIC POLLUTION
650 _aCIVITAS INITIATIVE
650 _aTRANSPORT AND THE ENVIRONMENT
650 _aSLOVENIA
690 _aINTERNATIONAL-EUROPE
942 _n0
999 _c117434
_d117434